000 00215nam a22000857a 4500
008 160914b xxu||||| |||| 00| 0 eng d
100 _9444
_aCBSE
245 _aSocial Studies-3
260 _aNew Delhi
_bGBP Publications
_c2011
999 _c3103
_d3103